| 000 | 00704cam a2200205 4500 | ||
|---|---|---|---|
| 001 | X105672 | ||
| 008 | 000000n2000 000 0 eng u | ||
| 035 | _a(Sirsi) u105672 | ||
| 245 | _aE-alliance | ||
| 260 | _c2000 | ||
| 490 |
_aProperty Week _v28 April 2000, 112(1) |
||
| 520 | _aThree of the US's leading surveying firms, Jones Lang LaSalle, Trammell Crow and CR Richard Ellis, are joining forces to pursue a range of activities from web-based purchasing to on-line marketing. | ||
| 650 | _aABOUT RICS-RICS MEMBERS | ||
| 650 | _aINTERNET | ||
| 650 | _aJONES LANG LASALLE | ||
| 650 | _aTRAMMELL CROW | ||
| 650 | _aCR RICHARD ELLIS | ||
| 690 | _aINFORMATION TECHNOLOGY-INTERNET | ||
| 942 | _n0 | ||
| 999 |
_c63290 _d63290 |
||